01039 2200313 4500001002100000005001700021008004100038020002200079035002400101082001100125090001800136100003000154245020400184260002800388300002900416500008400445500002900529500001100558650001700569700002300586700001700609700002200626700001700648850000900665985000600674999001500680999001500695999001500710YOGYA-0209000007414920090227093759.0 ind  a978-979-015-674-6 0010-020900000074149 a658.82 a658.82bKli D aKLIMKHUK, Marianne Rosner aDesain kemasanbPerencanaan merek produk yang berhasil mulai dari konsep sampai penjualancMarianne Rosner Klimchuk, Sandra A Krasovic; alih bahasa, Bob Subran ; editor Lemeda Simarmata,Siiti Mariani aJakartabErlanggac2007 aix, 259 hlmbilusc24 cm aJudul asli: Packaging design :Successful product branding from concept to shelf aBibliografi: hlm.252-253 aIndeks aMerek dagang aKrasovic, Sandra A aaSabran, Bob aSimarmata, Lemeda aSiti Mariani aBPAD a3 a08B0045334 a08B0045335 a08B0045336